000 00182 a2200097 4500
020 _a9780425281734
041 _aeng
100 _aChilds, Laura
245 _aEggs on ice
942 _cBK
999 _c31540
_d31538